Redes de área local (Registro nro. 21913)

Detalles MARC
000 -Cabecera
Campo de control interno 00840nam a2200265Ia 4500
005 - Fecha y hora del registro
control field 20260320113324.0
008 - Elementos de Longitud Fija
fixed length control field 260320s9999||||xx |||||||||||||| ||und||
020 ## - ISBN
ISBN 9788497324892
041 ## - Idioma
Codigo Idioma ESP
082 ## - DEWEY y NOTACIÓN INTERNA
Dewey 004.66
Notación Interna H89
100 ## - AUTOR
Autor denominación Huidobro Moya, José M.,
Término de relación autor
245 #0 - TÍTULO DE MATERIAL BIBLIOGRÁFICO
Título Redes de área local
Título paralelo
246 ## - TÍTULO TRADUCIDO
Título
Título paralelo
Autor
250 ## - EDICIÓN
Edición Segunda edición
260 ## - CIUDAD, EDITORIAL, AÑO
Ciudad Madrid :
Nombre de la Editorial Paraninfo,
Año 2006
300 ## - DESCRIPCIÓN
N° Páginas xiv, 332 páginas :
Otros detalles figuras :
Dimensiones 30 cm.
Material Adicional
440 ## - MENCIÓN DE SERIE
Título de la Serie
Número de Serie
Volumen de Serie
650 ## - TEMAS
Temas Generalidades
653 ## - DESCRIPTORES
Lenguajes no controlado Ciencia de la computación; Modalidades de transmisión de datos
654 ## - PROGRAMAS
Programa
700 ## - OTROS AUTORES
Otros autores Blanco Solsona, Antonio; Calero, J. Jordán,
Títulos y otras palabras asociadas con el nombre autores
856 ## - URL - UBICACIÓN
URI/URL: Enlace exacto del recurso <a href="https://ieeexplore-ieee-org.ucsp.lookproxy.com/Xplore/home.jsp">https://ieeexplore-ieee-org.ucsp.lookproxy.com/Xplore/home.jsp</a>
Nota pública: Versión digital <a href="Véase además: Base de datos IEEE Xplore">Véase además: Base de datos IEEE Xplore</a>
942 ## - ELEMENTOS DE KOHA
Tipo de documento Libro
Nombre del creador Justo Noguera
Código de catalogador Tania Ramirez
Esquema de clasificación Dewey Decimal Classification
Suppress in OPAC
Existencias
Codigo completo Registro Colección Copia número Disponibilidad Tipo de préstamo Biblioteca Actual Procedencia (Biblioteca) Ubicacón Fecha Ingreso Tipo de Adquisición Observación Date last seen Total checkouts Price effective from Tipo de Item Estado del Material Fuente de Clasificación Damaged status Withdrawn status
004.66 H89 1086311 Universidad Católica San Pablo 1 Disponible Disponible Víctor Andrés Belaunde Víctor Andrés Belaunde Segundo piso 10/03/2026 Donación Libun 20/03/2026   20/03/2026 Libro Bueno Dewey Decimal Classification